Senzorický marketing: spotrebiteľ v pasci

Senzorický marketing rozširuje oblasť marketingu a nadobúda čoraz väčší význam pri rozhodovaní kupujúceho. Čo je senzorický marketing - špecifický druh marketingu, vhodný predovšetkým pre oblasť potravinárstva. Využitie v praxi - príklad analýzy segmentu fast-foodov. Prieskum medzi spotrebiteľmi - v...

Descripción completa

Guardado en:
Detalles Bibliográficos
Autor principal: Kita, Pavol
Formato: Capítulo de libro
Lenguaje:eslovaco
Materias:
Etiquetas: Agregar Etiqueta
Sin Etiquetas, Sea el primero en etiquetar este registro!

MARC

LEADER 00000naa$a2200000$$$4500
001 0105354
005 20240502072149.1
041 0 |a slo 
044 |a SK 
245 1 0 |a Senzorický marketing: spotrebiteľ v pasci  |c Pavol Kita 
520 |a Senzorický marketing rozširuje oblasť marketingu a nadobúda čoraz väčší význam pri rozhodovaní kupujúceho. Čo je senzorický marketing - špecifický druh marketingu, vhodný predovšetkým pre oblasť potravinárstva. Využitie v praxi - príklad analýzy segmentu fast-foodov. Prieskum medzi spotrebiteľmi - výsledky v tabuľkách. 
610 2 0 |a marketing 
610 2 0 |a správanie spotrebiteľa 
610 2 0 |a potravinárstvo 
610 2 0 |a prieskum spotrebiteľský 
100 1 |a Kita, Pavol